LDR 00760naa#a2200181#i#450# 001 EN\\bibl\19449 005 20260516081548.6 100 ## _a20260515b2026####ek#y0engy0150####ca 102 ## _aRU 200 1# _aON THE ISSUE OF METHODS AND TECHNIQUES OF STEP-BY-STEP SEED PROPAGATION OF THE PINE FAMILY (PINACEAE) _eConference article/thesis 210 1# _aVoronezh _cFSBE Institution of Higher Education Voronezh State University of Forestry and Technologies named after G.F. Morozov _d2026 215 ## _a6 с. 608 ## _aConference article/thesis _2local 675 ## _aУсловия существования растений. 630.181 _z 700 #1 _aDegtyareva _gSvetlana Ivanovna 700 #1 _aDorofeeva _gValentina Dmitrievna 700 #1 _aMedvedeva _gA. I. 856 4# _abibl.vgltu.ru _u